Избранные произведения: В 3 т.; Т. 2; Четвертый разворот. Роман

Λεπτομέρειες βιβλιογραφικής εγγραφής
Κύριος συγγραφέας: Лебеденко П. В. Петр Васильевич
Γλώσσα:Ρωσικά
Έκδοση: Ростов-на-Дону, Ростовское книжное изд-во, 1987
Θέματα:
Μορφή: Βιβλίο
KOHA link:https://koha.lib.tpu.ru/cgi-bin/koha/opac-detail.pl?biblionumber=143073

MARC

LEADER 00000nam0a2200000 4500
001 143073
005 20231031143001.0
020 |a RU  |b 87-47832 
035 |a (RuTPU)RU\TPU\book\155040 
035 |a RU\TPU\book\155037 
090 |a 143073 
100 |a 20080916g1987 m y0rusy5003 ca 
101 0 |a rus 
102 |a RU 
105 |a y z 000ay 
200 1 |a Избранные произведения  |e В 3 т.  |h Т. 2  |i Четвертый разворот. Роман  |f П. В. Лебеденко 
210 |a Ростов-на-Дону  |c Ростовское книжное изд-во  |d 1987 
215 |d 22 см  |a 304 с. 
610 1 |a Крайний Север СССР 
610 1 |a советская литература 
610 1 |a романы 
675 |a Р2  |z rus 
700 1 |a Лебеденко  |b П. В.  |g Петр Васильевич  |4 070 
801 0 |a RU  |b RuMRKP  |c 19950417  |g psbo 
801 1 |a RU  |b 63413507  |c 20080916  |g PSBO 
801 2 |a RU  |b 63413507  |c 20080916  |g PSBO 
942 |c BK